| 000 | 01145nam a2200229Ia 4500 | ||
|---|---|---|---|
| 999 |
_c39345 _d39345 |
||
| 001 | 5932 | ||
| 003 | GE_BSU | ||
| 005 | 20190829114123.0 | ||
| 008 | 181216s1960||||ge |||||||||||||| ||geo|| | ||
| 040 | _cGE_BSU | ||
| 041 | _ageo | ||
| 080 | _a821.353.1-94 + 910.4+7 ა-13 | ||
| 100 |
_aაბაშიძე, ირაკლი _93740 |
||
| 245 |
_aთვალის ერთი გადავლებით ინდოეთის გზებზე : _bშთაბეჭდილებანი / _cირაკლი აბაშიძე ; რედ. ვ. გორგაძე ; მხატვ. ირ. ჯანაშვილი. |
||
| 264 |
_aთბილისი : _bსაბჭოთა მწერალი ; _c1960. |
||
| 300 |
_a292 გვ. ; _c17 სმ. |
||
| 653 | _aთვალის ერთი გადავლებით ინდოეთის გზებზე | ||
| 653 | _aშთაბეჭდილებანი | ||
| 700 |
_aგორგაძე, ვ. _eრედაქტორი _93815 |
||
| 700 |
_aჯანაშვილი, ირ. _eმხატვარი _93816 |
||
| 942 |
_cBK _2udc |
||